Электронное моделирование протяженных электронных пучков с учетом пространственного заряда в ситстеме с квадрупольными линзами: к расчету электронно-оптических систем; Радиотехника; Т. 21, № 5

Библиографические подробности
Источник:Радиотехника: научно-технический журнал/ Российское научно-техническое общество радиотехники, электроники и связи им. А. С. Попова.— , 1937-1938, 1946-1987, 1989-.— 0033-8486
Т. 21, № 5.— 1966.— С. 62-66
Главный автор: Разин В. М. Виктор Мартемьянович
Другие авторы: Триханова Н. В.
Язык:русский
Опубликовано: 1966
Предметы:
Формат: Статья
Запись в KOHA:https://koha.lib.tpu.ru/cgi-bin/koha/opac-detail.pl?biblionumber=491099

MARC

LEADER 00000naa2a2200000 4500
001 491099
005 20231101095853.0
035 |a (RuTPU)RU\TPU\prd\160041 
035 |a RU\TPU\tpu\4919 
090 |a 491099 
100 |a 20121123a1966 k y0rusy50 ca 
101 0 |a rus 
102 |a RU 
200 1 |a Электронное моделирование протяженных электронных пучков с учетом пространственного заряда в ситстеме с квадрупольными линзами  |e к расчету электронно-оптических систем 
320 |a Библиогр.: 5 назв. 
461 0 |0 (RuTPU)RU\TPU\prd\1885  |x 0033-8486  |t Радиотехника  |o научно-технический журнал  |f Российское научно-техническое общество радиотехники, электроники и связи им. А. С. Попова  |d 1937-1938, 1946-1987, 1989- 
463 |0 (RuTPU)RU\TPU\prd\160040  |t Т. 21, № 5  |v С. 62-66  |d 1966 
610 1 |a электронное моделирование 
610 1 |a труды учёных ТПУ 
610 1 |a электронные пучки 
610 1 |a квадрупольные линзы 
610 1 |a электронно-оптические системы 
700 1 |a Разин  |b В. М.  |c специалист в области информатики и вычислительной техники  |c профессор Томского политехнического университета  |f 1925-2007  |g Виктор Мартемьянович  |2 stltpush  |3 (RuTPU)RU\TPU\pers\19856 
701 1 |a Триханова  |b Н. В. 
801 0 |a RU  |b 63413507  |c 20011210  |g PSBO 
801 2 |a RU  |b 63413507  |c 20121123  |g PSBO 
942 |c BK